City Quiz-Seattle - Statistics

General Stats
  • This quiz has been taken 13 times
  • The average score is 17 of 19
Answer Stats
Hint Answer % Correct
17) Major online retailer that also began in Bellevue in 1994 Amazon
100%
15) This billionaire moved his software companyto Bellevue, WA in the 1970s Bill Gates
100%
12) Kirkland, near Seattle, is the brand nameof this US bulk store Costco
100%
16) Name of the above company, now one of thelargest corporations Microsoft
100%
11) Body of water that Seattle lies on (a sound) Puget
100%
1) Iconic observation tower overlookingthe city Space Needle
100%
4) Famous coffee chain that originated inSeattle in 1971 Starbucks
100%
3) Mountain range in which the above is in Cascade
90%
5) Kurt Cobain led this grunge band thatformed in the city in 1987 Nirvana
90%
14) Former NBA team in Seattle that moved toOklahoma City Supersonics
90%
6) Toyota named this popular truck afterthis Seattle suburb Tacoma
90%
7) Seattles MLB team Mariners
80%
19) Grunge rock band led by Eddie Vedder, foundedin the city in 1990 Pearl Jam
80%
2) 14,000 ft stratovolcano that can be seen from Seattle Rainier
80%
18) Combined name of the Seattle-Tacoma Airport,also the name of the town its in SeaTac
80%
13) Seattles WNBA team Storm
80%
20) Rapper who made Thrift Shop famous Macklemore
70%
10) Fish is famously thrown at this iconicmarketplace Pike Place
70%
9) The NFLs Seahawks play in this field in downtown Seattle Lumen
60%
No matching quizzes found
Score Distribution
Percent of People with Each Score
Percentile by Number Answered
Your Score History
You have not taken this quiz